Methods of analysis of fats and fatty oils-Part 1- Physical methods. section 1.14. determination of lovibond colour (Record no. 73152)
[ view plain ]
| 000 -LEADER | |
|---|---|
| fixed length control field | 00439nam a2200121Ia 4500 |
| 245 #0 - TITLE STATEMENT | |
| Title | Methods of analysis of fats and fatty oils-Part 1- Physical methods. section 1.14. determination of lovibond colour |
| 260 ## - PUBLICATION, DISTRIBUTION, ETC. (IMPRINT) | |
| Place of publication | London |
| 260 ## - PUBLICATION, DISTRIBUTION, ETC. (IMPRINT) | |
| Year of publication | 1998 |
| Name of publisher | British Standards Institution |
| 500 ## - GENERAL NOTE | |
| General note | Standard number: BS 684-1.14: ISO 15305 |
| 650 ## - SUBJECT ADDED ENTRY--TOPICAL TERM | |
| Topical Term | Fats, fatty oils-lovibond colour |
| 942 ## - ADDED ENTRY ELEMENTS (KOHA) | |
| Koha item type | Standards |
| Withdrawn status | Lost status | Damaged status | Not for loan | Home library | Current library | Date acquired | Koha item type |
|---|---|---|---|---|---|---|---|
| Standards | RRII Library | RRII Library | 31/12/2021 | Standards |